000 00190 a2200085 4500
020 _a9783035628456
100 _aSTANISLAS CHAILLOU
245 _aTHE ARCHITECTS SOURCEBOOK
260 _bBIRKHAUSER
999 _c13049
_d13049